La comprensión del lenguaje en la educación

Saved in:
書目詳細資料
主要作者: MacGinitie, Walter H. (autor)
格式: 圖書
語言:西班牙语
出版: Buenos Aires Paidós 1975
叢編:Biblioteca del educador contemporáneo, 185
主題:
標簽: 添加標簽
沒有標簽, 成為第一個標記此記錄!

MARC

LEADER 00000nam a2200000 a 4500
001 UCW4634
003 CL-VaPUC
008 900607e19750000AG |||||||||||||||||spa|d
082 0 4 |a 372.6  |b MAC  |2 21 
100 |a MacGinitie, Walter H.  |e autor  |9 309419 
245 1 3 |a La comprensión del lenguaje en la educación 
300 |a 102 p 
942 |c BK 
945 |d 19900607 00:00:00 
260 |a Buenos Aires  |b Paidós  |c 1975 
650 0 |a Comprensión de lectura  |9 307588 
650 0 |a Educación básica   |9 224933 
650 0 |a Educación lingüística  |9 306506 
583 |a last modification  |c 20170828 01:15:18  |k Rodrigo Vera 
490 0 |a Biblioteca del educador contemporáneo, 185 
999 |c 218308  |d 218306 
952 |0 0  |1 0  |4 0  |6 372_600000000000000_MAC_1975  |7 0  |8 P  |9 207631  |a BIBEDU  |b BIBEDU  |c BIBEDU_PB  |d 2019-11-15  |i 1551159  |o 372.6 MAC 1975  |p 1551159  |r 2024-01-25  |w 2019-11-15  |y BK  |k EDU 
952 |0 0  |1 0  |4 0  |6 372_600000000000000_MAC_1975  |7 0  |8 P  |9 207632  |a BIBEDU  |b BIBEDU  |c BIBEDU_PB  |d 2019-11-15  |i 2754304  |o 372.6 MAC 1975  |p 2754304  |r 2024-01-25  |w 2019-11-15  |y BK  |k EDU